00428 a2200145 4500010001400000020002300014035001300037037001500050082000800065100002100073245005800094260003500152270006600187300002900253 aENG-86470 a0143099841c195.00 aEN-70003 bDBAD / PUB14a8811 aNamjoshi, Suniti1 aSycorax :bnew fables and poems /cby Suniti Namjoshi aNew DelhibPenguin Booksc2006 a11, Community Centre, Panchsheel ParkbNew DelhicWest Bengal axiii, 141 p.c20cm (Pbk)